Normale Ansicht MARC-Ansicht ISBD

Extrachor gibt letztes Konzert (Titelsatznr. 373212)

[ MARC ]
MARC-Details
000 -Satzkennung
Kontrollfeld mit fester Länge 00611nab a2200181 4500
001 - Kontrollnummer
Kontrollfeld 244442
003 - Kontrollnummer Identifier
Kontrollfeld OSt
005 - Datum und Zeit der letzten Transaktion
Kontrollfeld 20240625114122.0
007 - Feld mit fester Länge zur physischen Beschreibung - Allgemeine Information
Kontrollfeld mit fester Länge tu
008 - Feld mit fester Länge zur physischen Beschreibung - Allgemeine Angaben
Kontrollfeld mit fester Länge 200917s2020|||||||
040 ## - Katalogisierungsquelle
Original-Katalogisierungsstelle DE-2950
Übertragungsstelle DE-2950
245 00 - Titel
Titel Extrachor gibt letztes Konzert
Zusatz zum Titel Musik. Hans-Jürgen Taube gibt nach dem Auftritt am Donnerstag die Leitung ab. Doch für die Singe-Gemeinschaft soll es eine Zukunft geben/
Verfasserangabe etc. Ines Weber-Rath
264 ## - Produktion, Veröffentlichung, Distribution, Herstellung und Urheberrechtsvermerk
Datum der Herstellung, der Veröffentlichung, des Vertriebs oder des Urheberschutzvermerks 2024
653 ## - Indexierungsterm - Nicht normiert
Nicht-normierter Term Frankfurt (Oder)
653 ## - Indexierungsterm - Nicht normiert
Nicht-normierter Term Extrachor
773 0# - Übergeordnete Einheit
Verknüpfungsangaben 35. Jahrgang (2024) Nr. 141 vom 19.06.2024, S. 16, mit Foto
Titel Märkische Oderzeitung
942 ## - Zusätzliche Felder (Koha)
Klassifikation oder Aufstellungssystematik Andere/Generische Klassifikation
Koha-Medientyp Aufsätze
Exemplare
Ausgeschieden Verloren Klassifikation oder Aufstellungssystematik Beschädigt Nicht entleihbar Heimatbibliothek Aufenthaltsbibliothek Aufstellungsort Erwerbungsdatum Anzahl Ausleihen Signatur Letzte Aktivität Preis gültig von Koha-Medientyp
    Andere/Generische Klassifikation     Stadtarchiv Frankfurt (Oder) | Archivbibliothek Stadtarchiv Frankfurt (Oder) | Archivbibliothek Magazin 25/06/2024   Z2 25/06/2024 25/06/2024 Aufsätze